RE3 (VBB) - Statistiken

Allgemein
  • Dieses Quiz wurde 7 mal gespielt
  • Das Durchschnittsergebnis liegt bei 19 aus 26
Antwortstatistiken
Hint Antwort % Korrekt
RE3 Angermünde
100%
RE3 Berlin-Gesundbrunnen
100%
RE3 Berlin Hbf.
100%
RE3 Bernau bei Berlin
100%
RE3 Prenzlau
100%
RE3 Stralsund Hbf.
100%
RE3 Züssow
100%
RE3 Berlin Potsdamer Platz
80%
RE3 Berlin Südkreuz
80%
RE3 Britz
80%
RE3 Eberswalde Hbf.
80%
RE3 Greifswald
80%
RE3 Pasewalk
80%
RE3 Schwedt (Oder)
80%
RE3 Schwedt (Oder) Mitte
80%
RE3 Berlin Lichterfelde Ost
60%
RE3 Chorin
60%
RE3 Jüterborg
60%
RE3 Luckenwalde
60%
RE3 Ludwigsfelde
60%
RE3 Teltow
60%
RE3 Woltersdorf/Nuthe-Urstromtal
60%
RE3 Birkengrund
40%
RE3 Großbeeren
40%
RE3 Thyrow
40%
RE3 Trebbin
40%
Keine übereinstimmenden Quizze gefunden
Verteilung der Resultate
Anzahl Personen mit jedem Resultat
Perzentil nach korrekt beantworteten Fragen
Ihre Resultats-Entwicklung
Sie haben dieses Quiz noch nicht gespielt